=LDR 00000nam 2200000 4500 =001 INLIS000000000033942 =005 20130612135852 =008 ***********************************ind** =035 ##$$0010-061300000033942 =041 ##$$a ind =082 ##$$a 635.12 =090 ##$$a 635.12, Ruk b =100 ##$$a Rukmana, Rahmat =245 ##$$a Bertanam lombak, Rakmat rukmana =260 ##$$a 1995 $b Yogyakarta =300 ##$$a 55 hlm, Ilus, 21 cm =850 ##$$a NBPNMAT